000 01061nab a2200277 u 4500
001 12716
003 HDC
007 cr bn ---aaaaa
008 210201b20110116my d||ne |||| 00| 0 eng d
040 _aHDC
100 _aAu, Yeong How,
_eauthor
_913556
245 0 _aHDC bangunkan industri halal secara komprehensif /
_cAu Yeong How
260 _aKuala Lumpur :
_bStar Publications (M) Bhd.
_c2011
300 _a1 online resource
336 _atext
_2rdacontent
337 _acomputer
_2rdamedia
338 _aonline resource
_2rdacarrier
650 _aFood
_xReligious aspect
_xIslam
_97432
650 _aHalal food
_950
710 _aStar
856 _zRequest full-text at [email protected]
856 _zRequest full-text at [email protected]
942 _2lcc
942 _cNEWS
942 _kNWSC 000071
999 _c10039
_d10039